Normal view
MARC view
Entry Meeting Name
001 - CONTROL NUMBER
- control field: 13737
003 - CONTROL NUMBER IDENTIFIER
- control field: OSt
005 - DATE AND TIME OF LATEST TRANSACTION
- control field: 20211105133719.0
008 - FIXED-LENGTH DATA ELEMENTS
- fixed length control field: 211105|| aca||aabn | a|a d
040 ## - CATALOGING SOURCE
- Original cataloging agency: OSt
- Transcribing agency: OSt
111 ## - HEADING--MEETING NAME
- Meeting name or jurisdiction name as entry element: MPE/USM/MPA/European Southern Observatory Joint Astronomy Conference on Relativistic Astrophysics and Cosmology
- Location of meeting: Munich
- Date of meeting or treaty signing: 2005 nov. 7-11
670 ## - SOURCE DATA FOUND
- Source citation: Work cat.: (OSt): MPE/USM/MPA/European Southern Observatory Joint Astronomy Conference on Relativistic Astrophysics and Cosmology Munich 2005 nov. 7-11, Relativistic Astrophysics and cosmology, 1984